Born in Palermo - Statistics

General Stats
  • This quiz has been taken 14 times
  • The average score is 3 of 5
Answer Stats
Hint Answer % Correct
President of Italy since 2015 1941 Sergio Mattarella
92%
Footballer who played most notably for Inter Milan, Liverpool, Milan, Manchester City and the Italian national team 1990 Mario Balotelli
77%
Director, "Call Me by Your Name" "Bones and All" "Challengers" 1971 Luca Guadagnino
62%
Sports car driver, Formula One Driver and 24 Hours of Le Mans 1933 Nino Vaccarella
23%
President of Sicily since 2022 and President of the Senate from 2008 to 2013 1950 Renato Schiafani
8%
No matching quizzes found
Score Distribution
Percent of People with Each Score
Percentile by Number Answered
Your Score History
You have not taken this quiz